000 00441nam a2200193Ia 4500
003 OSt
005 20221005113817.0
006 a|||||r|||| 00| 0
007 ta
008 221004b |||||||| |||| 00| 0 eng d
024 _a113485
037 _cTextual
040 _aCRL
_cCRL
_beng
041 _2eng
_aeng
245 0 _aAfrican population of Ugenda Protector
260 _c1950
942 _cTEXL
_2cc
999 _c1029361
_d1029361